000 00685nam a2200253Ia 4500
001 22429
005 20240114000640.0
007 ta
008 060317s1980 a g b000 u 465 u
040 _aCotton College,Assam
041 _a465
082 _a821.928
_bHe 516 Ez
100 _aHeymann, C. David .
245 0 _aEzra Pound: The Last Rower /
_cC. David Heymann.
_hTextual Documents
250 _a1st ed. /
260 _aNew York :
_bSeaver Books ,
_c1980.
300 _a372p. :
_bill ;
_c21cm .
653 _aEnglish Biography-Poet
653 _aEnglish poetry-Criticism
653 _aG-English
942 _2ddc
_cBK
999 _c22411
_d22411